مكتبة جامعة عجلون الوطنية

فهرس بحث المكتبة

Charles Faudree home / (Record no. 33718)

MARC details
000 -LEADER
fixed length control field 01110cam a2200337 i 4500
001 - CONTROL NUMBER
control field 17147979
003 - CONTROL NUMBER IDENTIFIER
control field JO-AjAnu
005 - DATE AND TIME OF LATEST TRANSACTION
control field 20241016110115.0
008 - FIXED-LENGTH DATA ELEMENTS--GENERAL INFORMATION
fixed length control field 120203s2012 utua 000 0 eng
010 ## - LIBRARY OF CONGRESS CONTROL NUMBER
LC control number 2012004657
020 ## - INTERNATIONAL STANDARD BOOK NUMBER
International Standard Book Number 9781423621225
040 ## - CATALOGING SOURCE
Original cataloging agency DLC
Language of cataloging eng
Transcribing agency DLC
Description conventions rda
Modifying agency DLC
-- JO-AjAnu
042 ## - AUTHENTICATION CODE
Authentication code pcc
043 ## - GEOGRAPHIC AREA CODE
Geographic area code n-us---
050 00 - LIBRARY OF CONGRESS CALL NUMBER
Classification number NK2004.3.F38
Item number A4 2012
082 00 - DEWEY DECIMAL CLASSIFICATION NUMBER
Classification number 747
Edition number 23
100 1# - MAIN ENTRY--PERSONAL NAME
Personal name Faudree, Charles.
245 10 - TITLE STATEMENT
Title Charles Faudree home /
Statement of responsibility, etc. Charles Faudree with Francesanne Tucker ; photography by Jenifer Jordan.
250 ## - EDITION STATEMENT
Edition statement First Edition.
264 #1 - PRODUCTION, PUBLICATION, DISTRIBUTION, MANUFACTURE, AND COPYRIGHT NOTICE
Place of production, publication, distribution, manufacture Salt Lake City :
Name of producer, publisher, distributor, manufacturer Gibbs Smith,
Date of production, publication, distribution, manufacture, or copyright notice [2012]
300 ## - PHYSICAL DESCRIPTION
Extent 224 pages :
Other physical details illustrations ;
Dimensions 32 cm
336 ## - CONTENT TYPE
Content type term text
Source rdacontent
337 ## - MEDIA TYPE
Media type term unmediated
Source rdamedia
338 ## - CARRIER TYPE
Carrier type term volume
Source rdacarrier
600 10 - SUBJECT ADDED ENTRY--PERSONAL NAME
Personal name Faudree, Charles
General subdivision Themes, motives.
650 #0 - SUBJECT ADDED ENTRY--TOPICAL TERM
Topical term or geographic name entry element Interior decoration
Geographic subdivision United States.
700 1# - ADDED ENTRY--PERSONAL NAME
Personal name Tucker, Francesanne.
906 ## - LOCAL DATA ELEMENT F, LDF (RLIN)
a 7
b cbc
c orignew
d 1
e ecip
f 20
g y-gencatlg
942 ## - ADDED ENTRY ELEMENTS (KOHA)
Source of classification or shelving scheme Library of Congress Classification
Koha item type Books
Suppress in OPAC No
Holdings
Withdrawn status Lost status Source of classification or shelving scheme Damaged status Not for loan Home library Current library Date acquired Total Checkouts Full call number Barcode Date last seen Price effective from Koha item type
    Library of Congress Classification     مكتبة جامعة عجلون الوطنية مكتبة جامعة عجلون الوطنية 16/10/2024   NK2004.3.F38.A4 2012 E3931 16/10/2024 16/10/2024 Books